LEADER 01315nas 2200481 c 450 001 9910132322603321 005 20260218111452.0 035 $a(DE-599)ZDB2049206-6 035 $a(OCoLC)1368064949 035 $a(DE-101)021903654 035 $a(CKB)110978979267330 035 $a(DE-599)2049206-6 035 $a(EXLCZ)99110978979267330 100 $a20010601b20012002 |y | 101 0 $ager 135 $aur||||||||||| 181 $ctxt$2rdacontent 182 $cc$2rdamedia 183 $acr$2rdacarrier 200 00$aSpirita$eSpirita online 210 31$aMarburg$cDiagonal-Verl.$d[2001-2002?] 300 $aGesehen am 26. April 2016 311 08$a0933-8985 517 3 $aeSpirita 517 3 $aSpirita online 606 $aArts and Humanities$xPhilosophy 606 $aArts and Humanities$xReligion 606 $aArts and Humanities$xSociety and Culture 608 $aZeitschrift$2gnd-content 615 4$aArts and Humanities$xPhilosophy 615 4$aArts and Humanities$xReligion 615 4$aArts and Humanities$xSociety and Culture 676 $a290 676 $a914.3 676 $a943 686 $a0$2ssgn 801 0$b0004 801 1$bDE-101 801 2$b9999 906 $aJOURNAL 912 $a9910132322603321 996 $aSpirita$92196605 997 $aUNINA